000 00313nam a2200133Ia 4500
005 20251222140113.0
008 251222s1900||||xx |||||||||||||| ||spa||
020 _a84-205-2513-8
082 _a170/S26
100 _aSatué, Manuel
245 0 _a¿Qué sabes de Ética?
264 _bAlhambra Longman
942 _cLIB
999 _c4369
_d4369